000
00301nam a2200121 a 4500
008
100923s1986|||| d
245
1
0
_a
U starej Freddie
100
1
_a
Fitzgeraldová, Penelope
260
_b
Slovenský spisovateľ
_a
Bratislava
_c
1986
020
_c
23
044
_a
xo
_c
SK
041
_a
slo
999
_c
10633
_d
10633